Vplyv produktivity na ekonomický rast krajín Európskej únie dizertačná práca

Guardado en:
Detalles Bibliográficos
Autor principal: Rozkošová, Anna
Autor Corporativo: Podnikovohospodárska fakulta EU so sídlom v Košiciach. Katedra kvantitatívnych metód
Otros Autores: Megyesiová, Silvia, 1969-
Formato: Libro
Lenguaje:eslovaco
Publicado: Košice 2019
Materias:
Etiquetas: Agregar Etiqueta
Sin Etiquetas, Sea el primero en etiquetar este registro!

MARC

LEADER 00000nbm a2200000 4500
001 0257757
005 20230302102613.5
041 0 |a slo 
044 |a SK 
245 1 0 |a Vplyv produktivity na ekonomický rast krajín Európskej únie  |b dizertačná práca  |c Anna Rozkošová ; školiteľ: Silvia Megyesiová 
264 1 |a Košice  |c 2019 
300 |a 147 s. 
610 2 0 |a produktivita 
610 2 0 |a rast hospodársky 
610 2 0 |a Európska únia 
100 1 |a Rozkošová, Anna 
700 1 |a Megyesiová, Silvia, 1969- 
710 2 |a Podnikovohospodárska fakulta EU so sídlom v Košiciach. Katedra kvantitatívnych metód